CRM není žádný počítačový program
Budovanie vzťahov so zákazníkmi ako dôležité kritérium, podľa ktorého je možné spoznať marketingovo riadenú firmu. Osobný kontakt s klientom. Vzťahy so zákazníkmi založené nielen na technických a organizačných schopnostiach. Technické a komunikačné prostriedky ako podpora starostlivosti o zákazníka....
Enregistré dans:
| Auteur principal: | |
|---|---|
| Format: | Chapitre de livre |
| Langue: | tchèque |
| Sujets: | |
| Tags: |
Pas de tags, Soyez le premier à ajouter un tag!
|
MARC
| LEADER | 00000naa$a2200000$$$4500 | ||
|---|---|---|---|
| 001 | 0038349 | ||
| 005 | 20231018125853.2 | ||
| 041 | 0 | |a cze | |
| 044 | |a CZ | ||
| 245 | 1 | 0 | |a CRM není žádný počítačový program |c Miloš Toman |
| 520 | |a Budovanie vzťahov so zákazníkmi ako dôležité kritérium, podľa ktorého je možné spoznať marketingovo riadenú firmu. Osobný kontakt s klientom. Vzťahy so zákazníkmi založené nielen na technických a organizačných schopnostiach. Technické a komunikačné prostriedky ako podpora starostlivosti o zákazníka. Riadenie firmy a starostlivosť o zákazníka. | ||
| 610 | 2 | 0 | |a marketing |
| 610 | 2 | 0 | |a komunikácia marketingová |
| 610 | 2 | 0 | |a riadenie podnikové |
| 610 | 2 | 0 | |a zákazníci |
| 610 | 2 | 0 | |a starostlivosť o zákazníkov |
| 610 | 2 | 0 | |a systém CRM |
| 610 | 2 | 0 | |a technológie informačné |
| 610 | 2 | 0 | |a technológie komunikačné |
| 610 | 2 | 0 | |a softvér |
| 100 | 1 | |a Toman, Miloš | |